| 000 | 00688nam a2200241Ia 4500 | ||
|---|---|---|---|
| 003 | 0100 | ||
| 008 | 130227s9999 xx 000 0 und d | ||
| 040 | _cARRUPELIB | ||
| 050 | _aBS2665.3.B694 | ||
| 100 |
_aBruce, F.F. _98575 |
||
| 245 | 4 | _aThe letter of Paul to the Romans | |
| 245 | _ban introduction and commentary | ||
| 250 | _aRev. ed. | ||
| 260 | _aLeicester | ||
| 260 | _bInter-Varsity Press | ||
| 300 | _a274p. | ||
| 300 | _b 23 cm | ||
| 440 |
_aThe Tyndale New Testament commentaries _98576 |
||
| 650 |
_bCitizenship - Study & teaching _98577 |
||
| 650 |
_cIntercultural education _98578 |
||
| 650 |
_dPluralism (Social sciences) _98579 |
||
| 942 |
_2lcc _01 _cMONOGRAPH |
||
| 999 |
_c4557 _d4557 |
||